000 00308nam a2200133Ia 4500
008 191201s2007 xx 000 0 und d
100 _aLEXICON
245 0 _aDesign My Home By Myself
250 _aRep
260 _aN. Delhi
_bLexicon Pub
_c2007
300 _a95
650 _aGeneral Books
942 _2ddc
_cBK
999 _c4559
_d4559